Prehistoric Art of the Western Mediterranean and the Sahara / edited by Luis Pericot García and Eduardo Ripoll Perelló
Descripción Física:
XIII, 262 p. : il. ; 25 cm
Colección:
Viking Fund publications in antropology ; 39
MARC
| LEADER | 00000nam a2200000Ia 4500 | ||
|---|---|---|---|
| 001 | 9241 | ||
| 008 | 160829s9999 xx 000 0 cat d | ||
| 080 | |a B-1-113 | ||
| 245 | |a Prehistoric Art of the Western Mediterranean and the Sahara / edited by Luis Pericot García and Eduardo Ripoll Perelló | ||
| 260 | |a New York : |b Wenner - Gren Foundation for Antropological Research, Inc. ; 1964 | ||
| 300 | |a XIII, 262 p. : |b il. ; |c 25 cm | ||
| 490 | |a Viking Fund publications in antropology ; 39 | ||
| 590 | |a Bibliografia | ||
| 650 | |a Art prehistòric |x Mediterrània Occidental |9 34352 | ||
| 650 | |a Art prehistòric |x Sàhara |9 34353 | ||
| 700 | |a Pericot i Garcia, Lluís, ed. |9 34354 |e editor literari | ||
| 700 | 1 | |a Ripoll i Perelló, Eduard, |d 1923-2006 |e editor literari |9 20913 | |
| 710 | 2 | |a Wenner-Gren Foundation for Anthropological Research |9 55543 | |
| 901 | |a Arxiu | ||
| 942 | |n 1 |2 udc | ||
| 952 | |0 0 |1 0 |4 0 |6 B1113 |7 1 |9 46473 |a Arxiu |b Arxiu |d 2016-12-01 |l 0 |o B-1-113 |p 9241 |r 2016-12-01 00:00:00 |w 2016-12-01 |y ARXIU | ||
| 999 | |c 50263 |d 50263 | ||